[Event "CRO-ch U15"]
[Site "Trogir"]
[Date "2020.08.24"]
[Round "2"]
[White "Sparada, Petar"]
[Black "Domovic, Ognjen"]
[Result "0-1"]
[WhiteElo "1600"]
[BlackElo "1643"]
[PlyCount "120"]
[EventDate "2020.08.24"]
[EventType "swiss"]
[EventRounds "9"]
[EventCountry "CRO"]
[SourceTitle "CBM 198 Extra"]
[Source "ChessBase"]
[SourceDate "2020.11.30"]
[SourceVersion "1"]
[SourceVersionDate "2020.11.30"]
[SourceQuality "1"]

1. c4 e5 2. Nc3 Nf6 3. e4 Bc5 4. Nf3 Nc6 5. Nxe5 Bxf2+ 6. Kxf2 Nxe5 7. d4 Ng6 8. Bd3 d6 9. e5 Ng8 10. Re1 dxe5 11. Bxg6 Qh4+ 12. Kg1 hxg6 13. Rxe5+ Ne7 14. Nd5 Qxh2+ 15. Kf2 Qh4+ 16. Ke3 Bg4 17. Qf1 0-0-0 18. Nxe7+ Kb8 19. Kd3 Qg3+ 20. Re3 Qd6 21. d5 f5 22. Re6 Qg3+ 23. Be3 f4 24. Qxf4 Qxf4 25. Bxf4 Bxe6 26. Ke4 Bf5+ 27. Nxf5 gxf5+ 28. Kxf5 Rhf8+ 29. Kg5 Kc8 30. Be3 Rde8 31. Bd4 Re4 32. Rd1 Rff4 33. Bxg7 Rxc4 34. Be5 Rg4+ 35. Kf5 Rxg2 36. b3 Rcc2 37. a4 Rgf2+ 38. Ke6 Rfe2 39. Rf1 b6 40. Rf8+ Kb7 41. Rf7 a5 42. d6 Rc6 43. Rxc7+ Rxc7 44. dxc7 Rd2 45. Bd6 Kc8 46. b4 Rxd6+ 47. Kxd6 axb4 48. Kc6 b3 49. Kxb6 b2 50. a5 b1Q+ 51. Kc6 Qb7+ 52. Kc5 Qxc7+ 53. Kb5 Qb7+ 54. Ka4 Qa6 55. Kb4 Kc7 56. Ka4 Kc6 57. Kb4 Qb5+ 58. Kc3 Qxa5+ 59. Kb3 Qd2 60. Ka4 Qb2 0-1